000 00495nam a22001697a 4500
999 _c525956
_d525956
003 NUST
020 _qP/B
038 _awaseem
082 _a153
_bAHM
100 _aAhmed, Shahzad
_916903
245 _aZaan-e-Insani Ka Hayatiati Pase-e-Manzir /
_cShahzad Ahmed
260 _aIslamabad :
_bMuqtidara Qumi Zuban,
_c1987.
300 _a211 p. ;
880 _6100-01\r
_aشہزاد احمد
880 _6245-02\r
_aزہنِ انسانی کا حیاتیاتی پِس منظر /
942 _2ddc
_cBK